000
00301nam a22001337a 4500
008
170411b xxu||||| |||| 00| 0 eng d
020
_a
032301089
041
_a
eng
080
_2
6 ED
_a
618
100
_a
10
101
_a
SHM
245
_a
CLINICAL GYNECOLOGY ONCOLOGY
_c
DISALA.P.J
942
_2
udc
_c
BK
999
_c
10300
_d
10300